00694nam a2200241 a 4500001001300000003000900013005001700022008004100039020001000080082001500090100001500105245005900120260004700179300000800226500003500234505001000269650002100279700001500300902000800315942000700323952010700330999001500437nice12345678IN_TiNIC20260116011915.0050524s1959 mysa grp 000 0 eng  ac10000a181.4bOLS aOlson, Eva aPhilosophy of Sri Aurobindo in the Light of the Gospel aMysorebChristian Literature Societyc1959 a73p aincludes index and biblioraphy2 aIndex aPhilosophy-Hindu1 aOlson, Eva bSRS cBK 00104070aHMIbHMId2007-03-16g100.00l1o181.4 OLSp08464r2018-12-13s2018-09-17w2026-01-16yEB c4858d4858